000 00400nam a2200157Ia 4500
008 250916s9999 xx 000 0 und d
020 _a978-3-662-65817-8
082 _a005.741 ADA
100 _aAdam, Katarina
245 0 _aBlockchain technology for business processes
250 _a1st
260 _aNew York:
_bSpringer,
_c2022
300 _a199 p.
600 _aComputer Science
942 _cBK
999 _c31591
_d31591